Subverting bourgeois ideology in Dickens's Oliver Twist and great expectations /
Saved in:
| Main Author: | |
|---|---|
| Format: | Thesis Book |
| Language: | English |
| Published: |
2018.
|
| Subjects: | |
| Tags: |
Add Tag
No Tags, Be the first to tag this record!
|
| LEADER | 01279cam a2200313 i 4500 | ||
|---|---|---|---|
| 001 | u1126683 | ||
| 003 | SIRSI | ||
| 005 | 201911181455 | ||
| 008 | 191118s2018 my a m 000 0 eng | ||
| 040 | |a UMM |e rda | ||
| 090 | |a PR13 |b UM 2018 Jar | ||
| 100 | 0 | |a Jared Raymond, |e author. | |
| 245 | 1 | 0 | |a Subverting bourgeois ideology in Dickens's Oliver Twist and great expectations / |c Jared Raymond. |
| 264 | 1 | |c 2018. | |
| 300 | |a vi, 96 leaves : |b illustrations ; |c 30 cm | ||
| 336 | |a text |2 rdacontent | ||
| 337 | |a unmediated |2 rdamedia | ||
| 338 | |a volume |2 rdacarrier | ||
| 502 | |b M.A.Eng.Lit. |c Jabatan Bahasa Inggeris, Fakulti Sastera dan Sains Sosial, Universiti Malaya |d 2018. | ||
| 504 | |a Bibliography: leaves 91-94. | ||
| 600 | 1 | 0 | |a Dickens, Charles, |d 1812-1870. |t Oliver Twist. |
| 600 | 1 | 0 | |a Dickens, Charles, |d 1812-1870. |t Great expectations. |
| 650 | 0 | |a Communism in literature. | |
| 650 | 0 | |a Ideology in literature. | |
| 650 | 0 | |a English fiction |y 19th century |x History and criticism. | |
| 710 | 2 | |a Universiti Malaya. |b Jabatan Bahasa Inggeris, |e degree granting institution. | |
| 596 | |a 1 | ||
| 900 | |a NSM | ||
| 999 | |a PR13 UM 2018 JAR |w LC |c 1 |i A517080443 |d 10/1/2022 |e 10/1/2022 |f 27/11/2019 |g 1 |l STACKS |m P01UTAMA |n 2 |r Y |s Y |t TESIS |u 18/11/2019 |1 AHSS |o .STAFF. tiada cd & agreement | ||
